El paisaje: génesis de un concepto
Salvato in:
| Autore principale: | |
|---|---|
| Natura: | Libro |
| Lingua: | spagnolo |
| Pubblicazione: |
Madrid
Abada
2005
|
| Serie: | Historia del Arte y de la Arquitectura
|
| Soggetti: | |
| Tags: |
Aggiungi Tag
Nessun Tag, puoi essere il primo ad aggiungerne!!
|
MARC
| LEADER | 00000nam a2200000 a 4500 | ||
|---|---|---|---|
| 001 | UCG4852 | ||
| 003 | CL-VaPUC | ||
| 008 | 101209e20050000SP |||||||||||||||||spa|d | ||
| 020 | |a 8496258564 | ||
| 082 | 0 | 4 | |a 712.01 |b MAD |2 21 |
| 100 | |a Maderuelo, Javier |e autor |9 578899 | ||
| 245 | 1 | 3 | |a El paisaje: génesis de un concepto |
| 300 | |a 341 p | ||
| 942 | |c BK | ||
| 945 | |d 20101209 00:00:00 |a dcastane | ||
| 260 | |a Madrid |b Abada |c 2005 | ||
| 650 | 0 | |a Paisajismo |9 269021 | |
| 650 | 0 | |a Crítica e interpretación |9 255042 | |
| 583 | |a last modification |c 20101209 00:00:00 |k Rodrigo Vera | ||
| 490 | 0 | |a Historia del Arte y de la Arquitectura | |
| 999 | |c 343458 |d 343456 | ||
| 952 | |0 0 |1 0 |4 0 |6 712_010000000000000_MAD_2005 |7 0 |8 A |9 440776 |a BIBARQ |b BIBARQ |d 2019-11-22 |i 4741242 |l 5 |m 2 |o 712.01 MAD 2005 |p 4741242 |r 2025-01-21 |s 2024-12-17 |w 2019-11-22 |y BK |k ARQ | ||